El niño de 15 y 16 años /
Guardado en:
| Autor Principal: | |
|---|---|
| Formato: | Libro |
| Publicado: |
Buenos Aires :
Paidos,
1967
|
| Edición: | 3a. ed. |
| Materias: | |
| Etiquetas: |
Agregar Etiqueta
Sin Etiquetas, Sea el primero en etiquetar este registro!
|
| LEADER | 00932nam a22002055a 4500 | ||
|---|---|---|---|
| 001 | CEM.cems002856 | ||
| 005 | 20060222000000.0 | ||
| 008 | 130507s1967##################000#0#####d | ||
| 003 | CEMS | ||
| 082 | 0 | 4 | |a 136.73 |
| 100 | 1 | |a Gesell, Arnold | |
| 245 | 1 | 0 | |a El niño de 15 y 16 años / |c Arnold Gesell |
| 250 | |a 3a. ed. | ||
| 260 | |a Buenos Aires : |b Paidos, |c 1967 | ||
| 300 | |a 117 p. | ||
| 505 | 0 | |a Desarrollo corporal, de las capacidades fisicas y motoras; Desarrollo mental y de la inteligencia; Tendencias sociales e individuales de los adolescentes; Vida emocional de los adolescentes; Aprendizaje y olvido; Intereses del adolescente; Desarrollo moral y religioso; La personalidad y problemas; Higiene de la adolescencia; Conducta. | |
| 653 | |a Adolescencia | ||
| 653 | |a Psicologia de la adolescencia | ||
| 859 | |a CEMS |b BIB. CEMS - 11 de abril |h 136.73 |i G33 |p 419.73 |t Ej.1 | ||
| 859 | |a CEMS |b BIB. CEMS - 11 de abril |h 136.73 |i G33 |p 704.73 |t Ej.2 | ||
